000 00836cab a2200253 4500
001 ABS59352
008 090401t1998 xxu||||| |||| 00| 0 eng d
035 _a(Sirsi) u88762
041 _aeng
245 _aTop 100 & financial review `98
260 _c1998
350 _a0
490 _aConstruction News
_vSeptember 1998 (8)
520 _aA financial review of the construction industry in 1998 sponsored by Anders Glaser Wills. Includes league table of the top 100 contractors, top 20 Euro contractors and the top 25 materials suppliers. Tables.
650 _aANDERS GLASER WILLS
650 _aCONTRACTORS
650 _aEUROPE
650 _aLEAGUE TABLE
650 _aMATERIALS SUPPLIERS
650 _aRANKING
690 _aMANAGEMENT-BUSINESS MANAGEMENT-PROFESSIONAL PRACTICE
942 _n0
948 _c30/09/1998
999 _c56115
_d56115